00889nam a22002657a 45000010005000000030009000050050017000140070005000310080032000360200015000680400022000830820027001051000028001322450100001602500013002602600037002733000022003105000071003325040032004036500044004356500048004796500023005276510038005507000035005881246DO-SdBNP20221003132830.01246160614b 2005 dr |||00| 0 spa d a999344510X aBPMSUbspacBPMSU a972.93bD542f 2005222 aEnrique Díaz, Nelson  aFundamentos de historia social dominicana /cNelson Enrique Díaz, Slverio González Camacho  a3a. ed.  a Santo Domingo : bSurco, c2005 a428 p. ;b24 cm.  aIncluye datos biográficos del autor en la solapa de la cubierta  aBibliografía : p. 423-428 4aHistoria social zRepublica Dominicana  4aEvolución socialzRepública Dominicana  4aProblemas sociales 4aRepública DominicanaxHistoria 1 a González Camacho, Silverio